000 00686nam a2200289Ia 4500
005 20260324122839.0
008 008 260324s9999 xx 000 0 eng d
020 _a9781315083346
037 _aEBOOK
040 _aCRL
040 _beng
040 _cCRL
041 _2eng
041 _aeng
084 _qCRL
100 _aEric Charles
_91168048
245 2 _aA New Look at New Realism
245 4 _bThe Psychology and Philosophy of E. B. Holt
260 _bTaylor and Francis
260 _c2012
365 _a
365 _b230
856 _uhttp://www.taylorfrancis.com/books/9781315083346
942 _cEBOOK
999 _c1761086
_d1761086